000 00596 a2200205 4500
005 20240709163604.0
008 240709b |||||||| |||| 00| 0 eng d
020 _a9788131600306
_cRs. 1895.00
040 _aMAIN
082 _a301.24
_bS13S
100 _aSomayaji, Sakarama, ed.
245 _aSociology of globalisation: Perspectives from India
260 _bRawat Publications
_c2023
_aJaipur
300 _axvi, 448
650 _aGlobalisation
650 _aImpact of Globalisation
650 _aGlobalisation and Socio-Cultural Change
651 _aGlobalisation-India
942 _cBK
999 _c312268
_d312268